Time Pieces: (Record no. 190791)

MARC details
000 -LEADER
fixed length control field 00593nam a22001817a 4500
005 - DATE AND TIME OF LATEST TRANSACTION
control field 20220804172607.0
010 ## - LCCN (DPL NO)
LC control number ENG-134277
020 ## - INTERNATIONAL STANDARD BOOK NUMBER
International Standard Book Number 9789351952473
Terms of availability 399.00
035 ## - SYSTEM CONTROL NUMBER
System control number EN-117809
037 ## - SOURCE OF ACQUISITION
Source of stock number/acquisition DBAD/PUB
082 ## - DEWEY DECIMAL CLASSIFICATION NUMBER
Classification number 934
100 ## - MAIN ENTRY--PERSONAL NAME
Personal name Lahiri, Nayanjot
245 ## - TITLE STATEMENT
Title Time Pieces:
Remainder of title A whistle-stop Tour of Ancient India/
Statement of responsibility, etc Nayanjot Lahiri
260 ## - PUBLICATION, DISTRIBUTION, ETC. (IMPRINT)
Place of publication, distribution, etc Gurugram
Name of publisher, distributor, etc Hachette Book Publishing India Pvt Ltd
Date of publication, distribution, etc 2018
270 ## - ADDRESS
Address 4th/5th Floors, Coporate Centre, Plot No. 94, Sector 44
City Gurugram
Postal code 122003
300 ## - PHYSICAL DESCRIPTION
Extent xx, 214p.
Dimensions 20cm(pbk)
942 ## - ADDED ENTRY ELEMENTS (KOHA)
Source of classification or shelving scheme Dewey Decimal Classification
Item type English Books
Classification part 934
Call number suffix LAH
Holdings
Withdrawn status Lost status Not for loan Collection code Home library Current library Date acquired Source of acquisition Cost, normal purchase price Full call number Barcode Copy number Cost, replacement price Koha item type
      Non-fiction Bawana Bawana 04/08/2022 DBAD/PUB 399.00 934 LAH EN-117809 1 399.00 English Books

© Delhi Public Library
Hit Counter
free hit counter